Shakespeare & the denial of death /

Bibliographic Details
Main Author: Calderwood, James L.
Format: Book
Language:English
Published: Amherst : University of Massachusetts Press, 1987.
Subjects:

MARC

Tag First Indicator Second Indicator Subfields
LEADER 00000cam a2200000 a 4500
001 in00000019574
005 20151007053646.0
008 870303s1987 mau b s00110 eng
010 |a  87005922  
020 |a 0870235826 (alk. paper) :  |c $30.00 
020 |a 0870235834 (pbk. : alk. paper) :  |c $12.95 
035 |a (OCoLC)15367141 
035 |9 AAB2386AM 
040 |a DLC  |c DLC  |d TXA  |d UtOrBLW 
049 |a TXAM  |c [A11100713] 
050 0 0 |a PR3069.D42  |b C35 1987 
082 0 |a 822.3/3  |2 19 
100 1 |a Calderwood, James L. 
245 1 0 |a Shakespeare & the denial of death /  |c James L. Calderwood. 
264 1 |a Amherst :  |b University of Massachusetts Press,  |c 1987. 
300 |a 233 pages ;  |c 24 cm. 
336 |a text  |b txt  |2 rdacontent 
337 |a unmediated  |b n  |2 rdamedia 
338 |a volume  |b nc  |2 rdacarrier 
504 |a Bibliography: pages [207]-228. 
500 |a Includes index. 
600 1 0 |a Shakespeare, William,  |d 1564-1616  |x Criticism and interpretation. 
650 0 |a Death in literature. 
650 0 |a Immortality in literature. 
740 0 |a Shakespeare and the denial of death. 
999 |a MARS 
999 f f |s 75af20f5-c128-39c0-8655-e278dc6a5b42  |i c413035f-0f79-33af-9c18-8cb45d6e84f6  |t 0 
952 f f |p normal  |a Texas A&M University  |b College Station  |c Sterling C. Evans Library  |d Evans: Library Stacks  |t 0  |e PR3069.D42 C35 1987  |h Library of Congress classification  |i unmediated -- volume  |m A14811100713 
998 f f |a PR3069.D42 C35 1987  |t 0  |l Evans: Library Stacks